<?xml version="1.0" encoding="UTF-8"?>
<record
    xmlns:xsi="http://www.w3.org/2001/XMLSchema-instance"
    xsi:schemaLocation="http://www.loc.gov/MARC21/slim http://www.loc.gov/standards/marcxml/schema/MARC21slim.xsd"
    xmlns="http://www.loc.gov/MARC21/slim">

  <leader>08295nam a2200397 i 4500</leader>
  <controlfield tag="001">000039325</controlfield>
  <controlfield tag="003">DO-SdBPM</controlfield>
  <controlfield tag="005">20260128083346.0</controlfield>
  <controlfield tag="007">ta</controlfield>
  <controlfield tag="008">130621s2012    dr acg        000 0 spa d</controlfield>
  <datafield tag="020" ind1=" " ind2=" ">
    <subfield code="a">9789945882032</subfield>
  </datafield>
  <datafield tag="040" ind1=" " ind2=" ">
    <subfield code="a">DO-SdBPM</subfield>
    <subfield code="b">spa</subfield>
    <subfield code="c">BPMSU</subfield>
    <subfield code="e">rda</subfield>
    <subfield code="d"> </subfield>
  </datafield>
  <datafield tag="041" ind1=" " ind2=" ">
    <subfield code="a">spa</subfield>
  </datafield>
  <datafield tag="082" ind1=" " ind2="4">
    <subfield code="a">781.65098</subfield>
    <subfield code="b">C749j 2012</subfield>
    <subfield code="2">22</subfield>
  </datafield>
  <datafield tag="111" ind1="2" ind2=" ">
    <subfield code="a">Congreso Internacional M&#xFA;sica, Identidad y Cultura en el Caribe</subfield>
    <subfield code="n">(4. :</subfield>
    <subfield code="b">2012 :</subfield>
    <subfield code="c">Santo Domingo)</subfield>
  </datafield>
  <datafield tag="245" ind1="1" ind2="3">
    <subfield code="a">El jazz  desde la perspectiva caribe&#xF1;a :</subfield>
    <subfield code="b">memorias del IV Congreso Ingernacional M&#xFA;sica, Identidad y Cultura en el Caribe /</subfield>
    <subfield code="c">editores,  Dar&#xED;o Tejeda, Rafael Emilio Yun&#xE9;n ; fotograf&#xED;as,  Jos&#xE9; Enrique Tav&#xE1;rez, Alberto Morel, Miguel Tom&#xE1;s P&#xE9;rez.</subfield>
  </datafield>
  <datafield tag="264" ind1=" " ind2=" ">
    <subfield code="a">Santiago de los Caballeros, Rep&#xFA;blica Dominicana :</subfield>
    <subfield code="b">Centro Le&#xF3;n, </subfield>
    <subfield code="b">Instituto de Estudios Caribe&#xF1;os,</subfield>
    <subfield code="c">2012.</subfield>
  </datafield>
  <datafield tag="300" ind1=" " ind2=" ">
    <subfield code="a">516 p&#xE1;ginas :</subfield>
    <subfield code="b">ilustraciones, gr&#xE1;ficos, retratos ;</subfield>
    <subfield code="c">26 cm.</subfield>
  </datafield>
  <datafield tag="336" ind1=" " ind2=" ">
    <subfield code="a">texto</subfield>
    <subfield code="b">txt</subfield>
    <subfield code="2">rdacontent </subfield>
  </datafield>
  <datafield tag="337" ind1=" " ind2=" ">
    <subfield code="a">sin mediaci&#xF3;n </subfield>
    <subfield code="b">n</subfield>
    <subfield code="2">rdamedia</subfield>
  </datafield>
  <datafield tag="338" ind1=" " ind2=" ">
    <subfield code="a">volumen </subfield>
    <subfield code="b">nc</subfield>
    <subfield code="2">rdacarrier </subfield>
  </datafield>
  <datafield tag="500" ind1=" " ind2=" ">
    <subfield code="a">Incluye referencias bibliogr&#xE1;ficas y notas al pie de las p&#xE1;ginas</subfield>
  </datafield>
  <datafield tag="505" ind1="0" ind2=" ">
    <subfield code="a"> Introducci&#xF3;n. El IV Congreso MIC-Santiago de los Caballeros. La ciudad del Congreso -- Declaraci&#xF3;n del Congreso Internacional M&#xFA;sica, Identidad y Cultura en el Caribe como evento de alto inter&#xE9;s cultural -- Discursos, conferencias y relator&#xED;a : Palabras de Bernarda Jorge. Viceministro de creatividad y participaci&#xF3;n popular. Palabras inauguras a nombre del licenciado Jos&#xE9; Rafael Lantigua, Ministro de Cultura de Rep&#xFA;blica Dominicana ; Palabras de Rafael Emilio Yun&#xE9;n, director general del Centro Le&#xF3;n; Palabras de Dar&#xED;o Tejeda, director del Instituto de Estudios Caribe&#xF1;os (INEC); Relator&#xED;a final del IV Congreso Internacional M&#xFA;sica, Identidad y Cultura en El Caribe (MIC), "El jazz Desde entonces la perspectiva caribe&#xF1;a" -- Conferencias magistrales y panel especial : Influencias rec&#xED;procas entre El jazz y la m&#xFA;sica caribe&#xF1;a / Crist&#xF3;bal D&#xED;az Ayala; Fronteras es El jazz latino / Luc Delannoy ;El jazz en Rep&#xFA;blica Dominicana / Jos&#xE9; G. Guerrero ;El jazz en Rep&#xFA;blica Dominicana: paradojas y creatividad / Paul Austerlitz ; Fue El Merengue t&#xED;pico El cebador jazz&#xBF; dominicano? Un an&#xE1;lisis de t&#xE9;cnicas compartidas / Sydney Hutchinson -- Mesa de trabajo I. El jazz caribe&#xF1;o busca su fisonom&#xED;a :La M&#xFA;sica caribe&#xF1;a y El jazz latino: identidad y definici&#xF3;n: Diferencias entre El jazz latino y El jazz latinoamericano/C&#xE9;sar Pagano Villegas; Evoluci&#xF3;n deljazz latino: discrepancias y avenencias / Nat Chediak; Entre El afligido, El folclore El jazz. Una perspectiva personal sobrela encrucijada de la m&#xFA;sica caribe&#xF1;a y El jazz con un posible sistema para calificar El jazz latino / Benjamin Lapidus -- Percusi&#xF3;n e instrumentaci&#xF3;n en El jazz caribe&#xF1;o: Una mirada a la m&#xFA;sica afro-caribe&#xF1;a Desde entonces El contrabajo y sus int&#xE9;rpretes en El jazz latino / Wilson Reinaldo Cifuentes Lombo ; Percusi&#xF3;n e instrumentaci&#xF3;n en la experiencia del jazz cubano / Bobby Carcass&#xE9;s -- Estudios del jazz y la improvisaci&#xF3;n en El Caribe : "Amor, solo amor" es las Bahamas: una exploraci&#xF3;n del Pasado,El Presente y El futuro de Goombay / Christine Gangelhoff, Christian Justilien, Christy Lee --El jazz es la literatura y la bibliograf&#xED;a del Caribe : Apuntes para una bibliograf&#xED;a jazz&#xED;stica caribe&#xF1;a / Jimmy Hungr&#xED;a --El jazz caribe&#xF1;o : la experiencia de Puerto Rico: Visi&#xF3;n del jazz puertorrique&#xF1;o contempor&#xE1;neo / Humberto Ram&#xED;rez ; Una breve visi&#xF3;n del jazz puertorrique&#xF1;o contempor&#xE1;neo / Giovanni Hidalgo -- Mesa de trabajo II. Los Caminos deljazz: estados unidos yElCaribe: Visiones deljazzlatino en Estados Unidos : El baile perdido: "Cuban Pete" Aguilar y Joyce Bryant / Jim Byers ; Soul sauce: la influencia del vibrafonista Cal Tjader en el mundo del latinjazz/ Heather Sloan --El jazzlatino en Estados Unidos: historia y conservaci&#xF3;n : Imaginaci&#xF3;n est&#xE9;tica e innovaciones t&#xE9;cnicas de los m&#xFA;sicos latinos: impacto enEllat&#xED;nJazzy enlam&#xFA;sica popular estadounidense / Leopoldo Tablante ; Testimonio sobreEl jazzlatino enlaciudad de Nueva York / Bobby Sanabria -- Encuentro: Festivales deJazzdel Gran Caribe I : Panam&#xE1;JazzFestival 2003-2011. Un Exitoso Recorrido / Patricia Z&#xE1;rate; Barquisimeto esElmapa mundial de los Festivales Internacionales deJazz/ Zuly Perdomo Mattey ;ElSanto DomingoJazzFestival / Freddy Ginebra -- Encuentro: Festivales deJazzdel Gran Caribe II :ElFestival Puerto RicoJazzJam/Humberto Ram&#xED;rez; Experiencias de Rep&#xFA;blica DominicanaJazzFestival / Lorenzo Sancassani, Adolfo Faringhton --El jazzylaeducaci&#xF3;n: caminos de ense&#xF1;anza : QueEl jazzcapaz por s&#xED; solo / Julie A. Sellers ;El jazzintegrado alaeducaci&#xF3;n musical / Luis Mar&#xED;n -- Mesa de trabajo III&gt;El Jazzeslaisla hispaniola: rep&#xFA;blica dominicana y hait&#xED;:Elmerengue-jazzen Rep&#xFA;blica Dominicana : Interacci&#xF3;n del merengue yEl jazz/ Manuel Tejada ;Lainfluencia deljazzdentro del merengue.Elpapel de Tavito V&#xE1;squez/Juan Col&#xF3;n; Testimonio sobreElmerengue-jazz/ Dar&#xED;o Estrella --El jazzylamusica religiosa popular dominicana. Or&#xED;genes y rasgos musicales comunes / Vicente Basilio Ortiz Lled&#xF3;; Las ra&#xED;ces afro-dominicanas esEl jazz. Un di&#xE1;logo entre artistas / Xiomara Fortuna, Tony Vicioso --El jazzy las herencias musicales en Rep&#xFA;blica Dominicana y Hait&#xED; : Los caminos deljazzylafusi&#xF3;n conlas tradiciones musicales en Rep&#xFA;blica Dominicana y Hait&#xED; : Los caminos deljazzylafusi&#xF3;n conlas tradiciones musicales (afrodescendientes) en Rep&#xFA;blica Dominicana y Hait&#xED; / Pascale Juanay, Rossy D&#xED;az ; Testimonio sobreEl jazzen Hait&#xED; / Thurgot Theodat ; Testimonio sobreEl Jazzen Hait&#xED; / Pierre Rigaud Chery, Chantal Drice --El jazzen Rep&#xFA;blica Dominicana I: orquestas y artistas : Presencia delJazzeslaOrquestas dominicanas enlad&#xE9;cada de los a&#xF1;os 50 / Luis Aquino ;ElPap&#xE1; Boc&#xF3; delJazzDominicana / Jos&#xE9; del Castillo --El jazzen Rep&#xFA;blica Dominicana II: Protagonistas : F&#xE9;lix del Rosario: Un alma dejazzen un cuerpo merenguero / Marivell Contreras; Porfi Jim&#xE9;nez: coraz&#xF3;n dejazz/ Maritza Jim&#xE9;nez; Influencias deljazzeslam&#xFA;sica de Wilfrido Vargas / M&#xE1;ximo Jim&#xE9;nez -- Mesa de Trabajo IV.El JazzesElgran caribe y brasil : Estudios deljazzen Cuba I : Apuntes para un estudio deljazzEn Cuba olas consecuencias del lleva y trae entreEl jazzylam&#xFA;sica cubana / Antonio G&#xF3;mez Sotolongo ; SobreEl jazzylas int&#xE9;rpretes femeninas en Cuba / Yarelis Dom&#xED;nguez Benejam ; influencia delalas corrientes modernas deljazzesElpensamiento arm&#xF3;nico y mel&#xF3;dico de los compositores del danz&#xF3;n de nuevo ritmo.Laorquesta de Arca&#xF1;o y sus maravillas / Jos&#xE9; Loyala Fern&#xE1;ndez -- Estudios delJazzen Cuba II :Eldanz&#xF3;n un estilo deljazz? Versiones dejazzde un g&#xE9;nero tradicional de Gonzalo Rubalcaba / Christa Bruckner-Haring ; "PM" en sus contextos art&#xED;sticos / Jerry W. Carlson -- Bossa y samba-jazz en Brasil: Samba-Jazz: uma poss&#xED;vel periodiza&#xE7;&#xE3;o / Marcelo Silva Gomes ; Iv&#xE1;n Lins. El lenguaje compositivo  y El jazz/ Tha&#xED;s Lima Nicodemo ; Novos Caminhos da Bateria Brasileira / Sergio Gomes --El jazz latino en Colombia y Panam&#xE1; :La presencia del jazz es la m&#xFA;sica del Caribe colombiano / Rafael Bassi La barrera ; Los pianistas antes de Danilo P&#xE9;rez / Mario Garc&#xED;a Hudson --El jazz en Venezuela: En busca de un jazz venezolano/Ra&#xFA;l Abzueta; Experiencias personales sobre la evoluci&#xF3;n del jazz latino en Venezuela / Andy Dur&#xE1;n ;El Jazz Venezolano visto Desde entonces la radio / Juan Carlos Carrano --La Tertulias de los Artistas / Poncho S&#xE1;nchez, Justo Almario, Crisp&#xED;n Fern&#xE1;ndez.</subfield>
  </datafield>
  <datafield tag="546" ind1=" " ind2=" ">
    <subfield code="a">Texto eminentemente en espa&#xF1;ol, con dos aportaciones en ingl&#xE9;s y una en portugu&#xE9;s.</subfield>
  </datafield>
  <datafield tag="590" ind1=" " ind2=" ">
    <subfield code="a">Inventariado, 2026/ VM</subfield>
  </datafield>
  <datafield tag="650" ind1=" " ind2="7">
    <subfield code="a"> Jazz</subfield>
    <subfield code="z">Caribe (Regi&#xF3;n)</subfield>
    <subfield code="x">Historia y cr&#xED;tica </subfield>
    <subfield code="v">Congresos, conferencias, etc.</subfield>
  </datafield>
  <datafield tag="650" ind1=" " ind2="7">
    <subfield code="a">M&#xFA;sica de jazz</subfield>
    <subfield code="z">Rep&#xFA;blica Dominicana</subfield>
    <subfield code="x">Congresos, conferencias, etc</subfield>
  </datafield>
  <datafield tag="650" ind1=" " ind2="7">
    <subfield code="a">Jazz latino</subfield>
    <subfield code="x">Historia y cr&#xED;tica.</subfield>
  </datafield>
  <datafield tag="700" ind1="1" ind2=" ">
    <subfield code="a">Tejada, Dar&#xED;o</subfield>
    <subfield code="e">editor</subfield>
    <subfield code="4">ed.</subfield>
  </datafield>
  <datafield tag="700" ind1="1" ind2=" ">
    <subfield code="a">Yun&#xE9;n, Rafael Emilio</subfield>
    <subfield code="d">1952-</subfield>
    <subfield code="e">editor</subfield>
    <subfield code="4">ed.</subfield>
  </datafield>
  <datafield tag="700" ind1="1" ind2="2">
    <subfield code="a">Tav&#xE1;rez, Jos&#xE9; Enrique</subfield>
    <subfield code="e">fot&#xF3;grafo </subfield>
    <subfield code="4">fot.</subfield>
  </datafield>
  <datafield tag="700" ind1="1" ind2=" ">
    <subfield code="a">Morel, Alberto</subfield>
    <subfield code="e">fot&#xF3;grafo </subfield>
    <subfield code="4">fot.</subfield>
  </datafield>
  <datafield tag="700" ind1="1" ind2=" ">
    <subfield code="a">P&#xE9;rez, Miguel Tom&#xE1;s</subfield>
    <subfield code="e">fot&#xF3;grafo </subfield>
    <subfield code="4">fot.</subfield>
  </datafield>
  <datafield tag="910" ind1=" " ind2=" ">
    <subfield code="a">VMateo V. Control de calidad BPMSU</subfield>
  </datafield>
  <datafield tag="942" ind1=" " ind2=" ">
    <subfield code="2">ddc</subfield>
    <subfield code="c">BK</subfield>
  </datafield>
  <datafield tag="952" ind1=" " ind2=" ">
    <subfield code="0">0</subfield>
    <subfield code="1">0</subfield>
    <subfield code="2">ddc</subfield>
    <subfield code="7">0</subfield>
    <subfield code="8">CD</subfield>
    <subfield code="a">BPMET</subfield>
    <subfield code="b">BPMET</subfield>
    <subfield code="d">2026-01-27</subfield>
    <subfield code="l">0</subfield>
    <subfield code="o">BPMSU CD 781.65098 C749j 2012</subfield>
    <subfield code="p">BPMSU26010053</subfield>
    <subfield code="r">2026-01-27</subfield>
    <subfield code="w">2026-01-27</subfield>
    <subfield code="y">BK</subfield>
  </datafield>
  <datafield tag="952" ind1=" " ind2=" ">
    <subfield code="0">0</subfield>
    <subfield code="1">0</subfield>
    <subfield code="2">ddc</subfield>
    <subfield code="7">0</subfield>
    <subfield code="8">CD</subfield>
    <subfield code="a">BPMET</subfield>
    <subfield code="b">BPMET</subfield>
    <subfield code="d">2026-01-27</subfield>
    <subfield code="l">0</subfield>
    <subfield code="o">BPMSU CD 781.65098 C749j 2012</subfield>
    <subfield code="p">BPMSU26010066</subfield>
    <subfield code="r">2026-01-28</subfield>
    <subfield code="t">e.2</subfield>
    <subfield code="w">2026-01-27</subfield>
    <subfield code="y">BK</subfield>
  </datafield>
  <datafield tag="999" ind1=" " ind2=" ">
    <subfield code="c">15632</subfield>
    <subfield code="d">15632</subfield>
  </datafield>
</record>
